Zemědělské technologické systémy teoretické základy
Salvato in:
| Autore principale: | |
|---|---|
| Natura: | Libro |
| Lingua: | ceco |
| Pubblicazione: |
Praha
Státní zemědělské nakladatelství
1984
|
| Tags: |
Nessun Tag, puoi essere il primo ad aggiungerne!!
|
MARC
| LEADER | 00000nam a2200000 4500 | ||
|---|---|---|---|
| 001 | c108605 | ||
| 005 | 20041019155141.8 | ||
| 041 | 0 | |a cze | |
| 044 | |a CZ | ||
| 245 | 1 | 0 | |a Zemědělské technologické systémy |b teoretické základy |c Miloslav Velebil a kol. |
| 264 | 1 | |a Praha |b Státní zemědělské nakladatelství |c 1984 | |
| 300 | |a 508 s. | ||
| 100 | 1 | |a Velebil, Miloslav | |